000
00323nam a22001457a 4500
008
210608b ||||| |||| 00| 0 eng d
020
_a
9781475835229
041
_a
eng
080
_2
50th
_a
91
082
_a
91
100
_a
42
101
_a
GJEO
245
_a
East and Southeast Asia
_c
Steven A. Leibo
942
_2
udc
_c
BK
999
_c
58061
_d
58061